<?xml version="1.0" encoding="UTF-8"?>
<record
    xmlns:xsi="http://www.w3.org/2001/XMLSchema-instance"
    xsi:schemaLocation="http://www.loc.gov/MARC21/slim http://www.loc.gov/standards/marcxml/schema/MARC21slim.xsd"
    xmlns="http://www.loc.gov/MARC21/slim">

  <leader>00867nam a2200241 i 4500</leader>
  <controlfield tag="001">55644</controlfield>
  <controlfield tag="003">ES-MaACL</controlfield>
  <controlfield tag="005">20250831023854.0</controlfield>
  <controlfield tag="007">t|</controlfield>
  <controlfield tag="008">030924m19661967sp           ||||1| spa d</controlfield>
  <datafield tag="100" ind1="1" ind2=" ">
    <subfield code="a">Desqueyrat, A.</subfield>
    <subfield code="9">43931</subfield>
  </datafield>
  <datafield tag="245" ind1="1" ind2="0">
    <subfield code="a">Doctrina pol&#xED;tica de la Iglesia / </subfield>
    <subfield code="c">A. Desqueyrat ; traducci&#xF3;n y adaptaci&#xF3;n de Enrique Mel&#xF3;n Mart&#xED;nez.</subfield>
  </datafield>
  <datafield tag="260" ind1=" " ind2=" ">
    <subfield code="a">Bilbao : </subfield>
    <subfield code="b">Descl&#xE9;e de Brouwer, </subfield>
    <subfield code="c">1966-67.</subfield>
  </datafield>
  <datafield tag="300" ind1=" " ind2=" ">
    <subfield code="a">2 v. ; </subfield>
    <subfield code="c">22 cm.</subfield>
  </datafield>
  <datafield tag="490" ind1="1" ind2=" ">
    <subfield code="a">Coleccion Veritas et Justitia</subfield>
  </datafield>
  <datafield tag="505" ind1="8" ind2=" ">
    <subfield code="a">Contiene: T. I: El Estado. -- T. II: La Iglesia y el Estado / Desqueyrat y Halbecq</subfield>
  </datafield>
  <datafield tag="650" ind1="0" ind2="7">
    <subfield code="a">Estado</subfield>
    <subfield code="2">embne</subfield>
    <subfield code="9">12523</subfield>
  </datafield>
  <datafield tag="650" ind1="0" ind2="7">
    <subfield code="a">Iglesia y Estado</subfield>
    <subfield code="2">embne</subfield>
    <subfield code="9">13554</subfield>
  </datafield>
  <datafield tag="700" ind1="1" ind2=" ">
    <subfield code="a">Mel&#xF3;n Mart&#xED;nez, Enrique.</subfield>
    <subfield code="9">80022</subfield>
  </datafield>
  <datafield tag="830" ind1="0" ind2=" ">
    <subfield code="a">Coleccion Veritas et Justitia</subfield>
    <subfield code="9">184576</subfield>
  </datafield>
  <datafield tag="852" ind1=" " ind2=" ">
    <subfield code="a">ES-MaACL</subfield>
    <subfield code="j">G-4134-35 </subfield>
    <subfield code="b">R.58334</subfield>
  </datafield>
  <datafield tag="999" ind1=" " ind2=" ">
    <subfield code="c">55644</subfield>
    <subfield code="d">55644</subfield>
  </datafield>
  <datafield tag="952" ind1=" " ind2=" ">
    <subfield code="0">0</subfield>
    <subfield code="1">0</subfield>
    <subfield code="4">0</subfield>
    <subfield code="7">0</subfield>
    <subfield code="a">ATENEOM</subfield>
    <subfield code="b">ATENEOM</subfield>
    <subfield code="c">DEPO2</subfield>
    <subfield code="d">2008-01-17</subfield>
    <subfield code="e">SC</subfield>
    <subfield code="l">0</subfield>
    <subfield code="o">G-4134-35</subfield>
    <subfield code="p">1058457</subfield>
    <subfield code="r">2023-02-23 00:00:00</subfield>
    <subfield code="w">2023-02-23</subfield>
    <subfield code="y">MONOGRAFIA</subfield>
  </datafield>
</record>
